MARC

Tag First Indicator Second Indicator Subfields
LEADER 00000cam a2200000La 4500
001 in00002309421
005 20190326195154.0
006 m | d |
007 cr |n||||||||n
008 870514s1671 enk s 000 0 eng d
040 |a GKS  |c GKS  |d OCL  |d Thomson Gale  |d UtOrBLW 
043 |a e-uk--- 
100 1 |a Bethel, Slingsby,  |d 1617-1697. 
245 1 4 |a The present interest of England stated /  |c by a lover of his King and countrey. 
264 3 |a London :  |b Printed for D.B.,  |c 1671. 
300 |a 6 unnumbered pages, 35 pages 
336 |a text  |b txt  |2 rdacontent 
337 |a computer  |b c  |2 rdamedia 
338 |a online resource  |b cr  |2 rdacarrier 
500 |a Reproduction of original from Goldsmiths' Library, University of London. 
500 |a Goldsmiths'-Kress number 01972. 
510 4 |a Wing  |c B2072. 
510 4 |a OCLC,  |c 20888359 
533 |a Electronic reproduction.  |b Farmington Hills, Mich. :  |c Thomson Gale,  |d 2005.  |f (The making of the modern world).  |n Available via the World Wide Web.  |n Access limited to licensing agreements.  |7 s2005 miunns 
500 |a Electronic resource. 
651 0 |a Great Britain  |x Commerce  |v Early works to 1800. 
650 0 |a Liberty of conscience  |z Great Britain  |v Early works to 1800. 
651 0 |a Great Britain  |x Foreign relations  |y 1660-1688. 
610 2 0 |a Catholic Church  |v Controversial literature  |v Early works to 1800. 
655 0 |a Electronic books. 
830 0 |a Making of the modern world (Goldsmiths'-Kress Library of Economic Literature) 
856 4 0 |u http://proxy.library.tamu.edu/login?url=http://galenet.galegroup.com/servlet/MOME?af=RN&ae=U108906478&srchtp=a&ste=14&locID=txshracd2898  |z Connect to the full text of this electronic book  |t 0 
999 |a MARS 
999 f f |s c46939df-a9d5-3c0c-8e6e-7d4dbc978e8e  |i 40963e68-141d-3bad-bcc6-00afff483d17  |t 0 
952 f f |a Texas A&M University  |b College Station  |c Electronic Resources  |d Available Online  |t 0  |h No information provided 
998 f f |t 0  |l Available Online